000
00291nam a22001337a 4500
008
170905b xxu||||| |||| 00| 0 eng d
020
_a
9780679720348
041
_a
eng
080
_a
070
100
_a
40
101
_a
MED
245
_a
MANUFACTURING CONSENT
_c
HERMAN,E.S
942
_2
udc
_c
BK
999
_c
26192
_d
26192